|
|
|
|
| LEADER |
00000nam a2200000 a 4500 |
| 001 |
vtls001392293 |
| 003 |
SK-MaSNL |
| 005 |
20260301161634.0 |
| 008 |
240315s1999 xo ba r y slo |
| 015 |
|
|
|a SNBA2000/08-02903
|
| 020 |
|
|
|a 8088829534
|
| 035 |
|
|
|a SNK000346593
|
| 035 |
|
|
|a urn:nbn:sk:snk-amkldx
|
| 035 |
|
|
|a urn:nbn:sk:snk-am003c44
|
| 035 |
|
|
|a 92A47E7A-FA17-41A5-AED6-2BE379F2AAEB
|
| 040 |
|
|
|a SNK
|b slo
|c SNK
|e AACR2
|
| 041 |
0 |
|
|a slo
|
| 044 |
|
|
|a xo
|c SK
|
| 080 |
|
|
|a 656
|2 1981
|
| 100 |
1 |
|
|a Šimák, Ladislav
|4 aut
|9 311166
|
| 245 |
1 |
0 |
|a Doprava v krízových situáciách
|c Ladislav Šimák ... [et al.]
|
| 260 |
|
|
|a Žilina
|b Fakulta špeciálneho inžinierstva Žilinskej univerzity
|c 1999
|
| 300 |
|
|
|a 211 s.
|b mp., sch.
|c 25 cm
|
| 500 |
|
|
|a 200 výt.
|
| 504 |
|
|
|a Bibliogr. s. 209-211
|
| 650 |
0 |
7 |
|a doprava
|x situácie krízové
|x monografie
|2 SNK
|9 524942
|
| 655 |
|
7 |
|a príručky
|2 SNK
|9 74364
|
| 700 |
1 |
|
|a Dvořák, Zdeněk
|4 aut
|9 290406
|
| 700 |
1 |
|
|a Milata, Ivo,
|d 1932-
|4 aut
|9 8544
|
| 700 |
1 |
|
|a Novák, Ladislav
|4 aut
|9 274283
|
| 700 |
1 |
|
|a Seidl, Miloslav,
|d 1949-
|4 aut
|9 224016
|
| 919 |
|
|
|a 80-88829-53-4
|
| 958 |
|
|
|a OND
|
| 958 |
|
|
|a TL
|
| 958 |
|
|
|a NB
|
| 999 |
|
|
|c 810261
|d 812191
|
| 952 |
|
|
|t P60, <03>, [BOOK], {603}
|a SNK
|b SNK
|y PREZ
|7 0
|p 17A0244998
|o snkSC 102103
|i snkKSP 6885/2000
|0 0
|1 0
|4 0
|d 2000-07-11
|f 1
|l 0
|r 2025-09-23 00:00:00
|w 2026-02-24
|
| 952 |
|
|
|t P60, <04>, [BOOK], {604}
|a SNK
|b SNK
|y VYP
|7 0
|p 17A0244991
|o snkSC 102103 D1
|i snkKSP 6886/2000
|0 0
|1 0
|4 0
|d 2000-07-11
|l 0
|r 2005-01-02 00:00:00
|w 2026-02-24
|